Gaming Quiz

Random Gaming or Video Games Quiz

Fortnite: Battle Royale Skins Quiz Stats

 Plays Quiz Updated Aug 15, 2018

Score 0/25 Timer 07:00
8 Plays Today
% Correct
Crackshot
85.8%
Cuddle Team Leader
78.5%
Raven
72.9%
Funk Ops
71.8%
Rabbit Raider
70.5%
Skull Trooper
65.9%
Rex
65.4%
Love Ranger
65.3%
Nitelite
64.8%
Wukong
64.5%
Burnout
62.7%
Raptor
59.2%
Flytrap
54.1%
% Correct
Magnus
50.6%
Tricera Ops
50.1%
Maverick
49.9%
Blue Squire
45.8%
Shadow Ops
44.4%
Merry Marauder
42.9%
Arctic Assassin
39.9%
Noir
36.7%
Cipher
35%
Dominator
33.5%
Sky Stalker
33.3%
Fortune
25.3%

You're not logged in!

Compare scores with friends on all Sporcle quizzes.
OR
Log In

Sporcle TV

Today on Sporcle TV


Watch our educational content, quiz creation guides, and fun videos on Sporcle TV.

Show Comments

Extras

Top Quizzes Today


Score Distribution

Your Account Isn't Verified!

In order to create a playlist on Sporcle, you need to verify the email address you used during registration. Go to your Sporcle Settings to finish the process.

Report this User

Report this user for behavior that violates our Community Guidelines.

Details: